000 00550nam a2200229Ia 4500
008 210210b2005 xxu||||| |||| 00| 0 eng d
020 _a8181475895
041 _aeng
082 _a581.31 SRIP
100 _aSRIVASTAVA (Lalit M)
245 _aPlant growth and development: hormones and environment
260 _aNew Delhi
_bElseveir
_c2005
300 _axx,772
650 _aPlant
650 _ahormones
650 _agrowth
650 _aenvironment
650 _adevelopment:
650 _aand
690 _aBotany
906 _a069294
999 _c153397
_d153397